Pasantía realizada en Laboratorio de cultivos y tejidos y vegetales (Registro nro. 36676)

Detalles MARC
000 -CABECERA
Longitud fija campo de control 00926nam a22002177a 4500
003 - IDENTIFICADOR DELl NÚMERO DE CONTROL
Identificador del número de control OSt
005 - FECHA Y HORA DE LA ÚLTIMA TRANSACCIÓN
Fecha y hora de la última transacción 20260528111934.0
008 - CÓDIGOS DE INFORMACIÓN DE LONGITUD FIJA
Códigos de información de longitud fija 260528b2025 slv spa
040 ## - FUENTE DE LA CATALOGACIÓN
Centro transcriptor BMC
082 ## - NÚMERO DE LA CLASIFICACIÓN DECIMAL DEWEY
Númeroo de clasificación 630.7284
100 1# - PUNTO DE ACCESO PRINCIPAL-NOMBRE DE PERSONA
Nombre de persona Soto Castro, Luis Alberto
9 (RLIN) 50414
245 10 - MENCIÓN DE TÍTULO
Título Pasantía realizada en Laboratorio de cultivos y tejidos y vegetales
Resto del título : Informe final de pasantía
Mención de responsabilidad, etc. Luis Alberto Soto Castro
260 ## - PUBLICACIÓN, DISTRIBUCIÓN, ETC. (PIE DE IMPRENTA)
Lugar de publicación, distribución, etc. Santa Ana (El Salvador)
Nombre del editor, distribuidor, etc. Universidad Católica de El Salvador
Fecha de publicación, distribución, etc. 2026
300 ## - DESCRIPCIÓN FÍSICA
Extensión 120 h.
Dimensiones 27 cm
Otras características físicas + 1 disco compacto
500 ## - NOTA GENERAL
Nota general Precede al tít.: Universidad Católica de El Salvador, Facultad Ingenieria y Arquitectura
502 ## - NOTA DE TESIS
Nota de tesis Para optar al titulo de: Ingeniero Agrónomo
505 ## - NOTA DE CONTENIDO CON FORMATO
Nota de contenido con formato Período de realización: de julio 2025 a enero 2026
650 24 - PUNTO DE ACCESO ADICIONAL DE MATERIA - TÉRMINO DE MATERIA
9 (RLIN) 33273
Término de materia o nombre geográfico como elemento inicial Agronomía
Subdivisión geográfica El Salvador
710 2# - PUNTO DE ACCESO ADICIONAL - NOMBRE DE ENTIDAD
9 (RLIN) 41641
Nombre de entidad o nombre de jurisdicción como elemento inicial Universidad Católica de El Salvador
Unidad subordinada Facultad de Ciencias Agronómicas
942 ## - ENTRADA DE ELEMENTOS AGREGADOS (KOHA)
Fuente de clasificaión o esquema Dewey Decimal Classification
Koha [por defecto] tipo de item 4- Trabajo de Graduación
Existencias
Suprimido Perdido Fuente de clasificación o esquema Estropeado Restricciones de uso No para préstamo Código de colección Localización permanente Localización actual Localización en estanter&íacute;as Fecha adquisición Fuente de adquisición Número de inventario Préstamos totales Signatura completa Código de barras Fecha última consulta Fecha del precio de reemplazo Tipo de item de Koha
NULL NULL Dewey Decimal Classification NULL Prestable NULL NULL Biblioteca Miguel de Cervantes - UNICAES Biblioteca Miguel de Cervantes - UNICAES Sala Principal 29/04/2026 Donación - Luis Alberto Soto Castro 006865   P- 006865 1054682 02/06/2026 02/06/2026 4- Trabajo de Graduación